| 000 | 00718nam a22002297a 4500 | ||
|---|---|---|---|
| 005 | 20170124105919.0 | ||
| 010 | _aA-896387 | ||
| 020 |
_a8175330384 _c00.00 |
||
| 035 | _aA-896387 | ||
| 037 | _bCen Lib/Ret | ||
| 040 |
_aDPL _bEN |
||
| 082 |
_a307.772 _bDAY |
||
| 100 |
_aDayal,R. _93899 |
||
| 245 |
_aChytrids of India / _cby R.Dayal |
||
| 260 |
_aNew Delhi _bM D Publications _c1997 |
||
| 270 |
_a11 Dariya Ganj _bNew Delhi _e110002 |
||
| 300 |
_axi,316p. _c22cm(Hb) |
||
| 500 | _aIncludes bibliographical reference and index | ||
| 650 |
_aLiquid Nitrogen Preservation _93900 |
||
| 650 |
_aतरल नाइट्रोजन संरक्षण _93901 |
||
| 942 |
_2ddc _cEN _h307.772 _mDAY |
||
| 999 |
_c123055 _d123055 |
||